Water quality and agriculture meeting the policy challenge

Saved in:
Bibliographic Details
Format: Book
Language:English
Published: Paris OECD 2012
Series:OECD studies on water
Subjects:
Tags: Add Tag
No Tags, Be the first to tag this record!

MARC

LEADER 00000nam a2200000 4500
001 0168712
005 20240315121418.3
020 |a 978-92-64-16805-3 
041 0 |a eng 
044 |a FR 
245 1 0 |a Water quality and agriculture  |b meeting the policy challenge 
264 1 |a Paris  |b OECD  |c 2012 
300 |a 155 s. 
490 1 |a OECD studies on water 
830 0 |a OECD studies on water 
610 2 0 |a poľnohospodárstvo 
610 2 0 |a politika poľnohospodárska 
610 2 0 |a voda 
610 2 0 |a kvalita vody 
610 2 0 |a ochrana vody 
610 2 0 |a zmeny klimatické